000 00737nam a2200265 i 4500
001 C2-0150108
003 PPAK
005 20180727131904.0
008 980325s1997 my a|||| ||||| | may d
020 _a9838322369
040 _aPPAK
_beng
_cPPAK
_erda
082 0 4 _a899.233
_223
090 0 0 _a899.233
_bNIR
_dK
100 0 _aNiro H.M.S.,
_eauthor
245 1 0 _aManusia di bidang pertanian
264 1 _aKuala Lumpur :
_bPustaka Printis ,
_c1997
300 _a23 pages :
_billustrations ;
_c22 cm
336 _2rdacontent
_atext
337 _2rdamedia
_aunmediated
338 _2rdacarrier
_avolume
490 1 _aSiri Evolusi Manusia
650 1 0 _aChildren's stories, Malay
830 0 _aSiri Evolusi Manusia
942 _ddc
_cB
999 _c47369
_d47369